Petr Parléř /
Historický román „Petr Parléř: Mistr vrcholné gotiky“ představuje životní osudy jednoho z nejvýznamnějších stavitelů středověké Evropy. Petr Parléř, mistr, který se nesmazatelně zapsal do dějin českých zemí, je pověřen stavbou nejvýznamnějších staveb té doby – Karlova mostu a katedrály svatého Víta....
Uloženo v:
| Hlavní autor: | |
|---|---|
| Médium: | E-kniha |
| Jazyk: | Czech |
| Vydáno: |
Praha :
IDEAIFY s.r.o.,
2024
|
| Tagy: |
Žádné tagy |
| LEADER | 02214nam a22002297i 4500 | ||
|---|---|---|---|
| 001 | 312761 | ||
| 007 | ta | ||
| 008 | 260601s2024 xr ||||| |||| 00| 0 cze d | ||
| 020 | |a 9990004212848 | ||
| 044 | |a xr | ||
| 100 | 1 | |a Hrejsemnou, Pavel |4 aut | |
| 245 | 1 | 0 | |a Petr Parléř / |c Hrejsemnou, Pavel |
| 264 | 1 | |a Praha : |b IDEAIFY s.r.o., |c 2024 | |
| 300 | |a 1 online zdroj (251 stran) | ||
| 336 | |a text |b txt |2 rdacontent | ||
| 337 | |a bez média |b n |2 rdamedia | ||
| 338 | |a online zdroj |b cr |2 rdacarrier | ||
| 520 | 2 | |a Historický román „Petr Parléř: Mistr vrcholné gotiky“ představuje životní osudy jednoho z nejvýznamnějších stavitelů středověké Evropy. Petr Parléř, mistr, který se nesmazatelně zapsal do dějin českých zemí, je pověřen stavbou nejvýznamnějších staveb té doby – Karlova mostu a katedrály svatého Víta. Jeho cesta však není jednoduchá, plná intrik a politických mocenských bojů, do kterých jsou zapleteni významné historické osobnosti té doby. Karel IV., moudrý a obratný král, je Parléřův ochránce a hlavní mecenáš. Na pozadí jejich vztahu se však odehrávají politické boje, ve kterých hrají klíčovou roli Václav IV., Karlův syn a následník trůnu, a Oldřich a Vilém z Rožmberka, mocní představitelé jihočeského šlechtického rodu, kteří sledují vlastní cíle. Arnošt z Pardubic, pražský arcibiskup, a Ondřej z Dubé, významný právník a soudce, pomáhají Parléřovi ve chvílích nejistoty, zatímco Konrád z Waldau, tajemný cizinec, se objevuje jako hrozba pro vše, co Petr vybudoval. Román zachycuje nejen stavitelské umění a majestát katedrály svatého Víta a Karlova mostu, ale také osobní a politické zápasy, které ovlivňovaly středověkou Evropu. | |
| 910 | |a RBIT002 | ||
| 998 | |d 421284 |a https://core.palmknihy.cz/api/books/421284/cover?sytvii |b https://core.palmknihy.cz/api/books/421284/cover/400?sytvii |c https://core.palmknihy.cz/api/books/421284/cover/50?sytvii |e |g 251 |i 9990004212848 |j https://core.palmknihy.cz/api/books/421284/preview.epub |k https://core.palmknihy.cz/api/books/421284/preview.pdf |l |q 49 |r 1 |s https://www.palmknihy.cz/kniha/421284 |t ebook |y 2024 |z 1 | ||
| 999 | |d 312759 | ||